00782 2200205 4500001002100000005001700021008004100038035002400079090001500103100003700118245022300155250001100378260006500389300002900454650004200483850001500525980001500540985000600555999001500561YOGYA-0209000004175820090227025814.0 ind  0010-020900000041758 a328bBal P aBALI (Propinsi) Sekretariat DPRD aProduk Dewan Perwakilan Rakyat daerah Propinsi Daerah tingkat I Bali dalam tahun sidang 1990/1991bperaturan daerah, keputusan dewan, keputusan pimpinan dewan dan usul sarancSekretaris DPRD Prop. Daerah Tingkat I Bali aCet. 1 aDenpasarbSekretariat DPRD Prop. Daerah Tingkat I Balic1991 axv, 488 hlmbilusc21 cm aDewan Perwakilan Rakyat Daerah - Bali aYOPDYOG(B) a06-20-2007 a1 a07A0022773